[Event "XI Open Amateur de Calvia"]
[Site "Calvia - Mallorca"]
[Date "2014.10.09"]
[Round "6"]
[Board "21"]
[White "Dugailliez, Guy"]
[Black "Sanchez Camino, Jose"]
[Result "1-0"]
[WhiteElo "1958"]
[BlackElo "1825"]
[PlyCount "95"]
[EventDate "2014.10.04"]
[EventRounds "9"]
[EventCountry "ESP"]

1. e4 d6 2. d4 g6 3. Nc3 Bg7 4. Be3 Nf6 5. f3 c6 6. Qd2 b5 7. Bh6 O-O 8. h4 Re8
9. Nge2 Bh8 10. h5 b4 11. Nd1 a5 12. Bg5 Bg7 13. hxg6 fxg6 14. Bh6 Bh8 15. Ne3
c5 16. Rd1 Nc6 17. c3 Ra7 18. dxc5 dxc5 19. Nf4 Qxd2+ 20. Rxd2 Ba6 21. Bxa6
Rxa6 22. Ned5 Nxd5 23. Nxd5 Ra7 24. Bg5 Rb7 25. Ke2 c4 26. f4 Bg7 27. e5 Reb8
28. Ne3 a4 29. Nxc4 a3 30. cxb4 Rxb4 31. b3 Ra8 32. Rd7 Bf8 33. Kd2 h5 34. Kc3
Rc8 35. Rhd1 Rbb8 36. R1d2 e6 37. Kd3 Nb4+ 38. Ke4 Nd5 39. Rd3 Bb4 40. Rg3 Be1
41. Rd3 h4 42. Bf6 Nc3+ 43. Kf3 Nxa2 44. Rg7+ Kf8 45. Rh7 g5 46. Rh8+ Kf7 47.
Rd7+ Kg6 48. Rg7+ 1-0

[Event "XI Open Amateur de Calvia"]
[Site "Calvia - Mallorca"]
[Date "2014.10.09"]
[Round "6"]
[Board "22"]
[White "Chabert, Pierre"]
[Black "Andreu Lopez, Santiago"]
[Result "0-1"]
[WhiteElo "1693"]
[BlackElo "1939"]
[PlyCount "58"]
[EventDate "2014.10.04"]
[EventRounds "9"]
[EventCountry "ESP"]

1. e4 c5 2. b4 cxb4 3. d4 e6 4. Nf3 Nf6 5. Nbd2 Be7 6. Bd3 Nc6 7. Bb2 a6 8. Rc1
b5 9. O-O Bb7 10. c4 bxc3 11. Rxc3 Rc8 12. Qe2 Nb4 13. Rxc8 Qxc8 14. Rc1 Qa8
15. Bb1 d5 16. e5 Ne4 17. a3 Nxd2 18. Qxd2 Nc6 19. Ne1 Kd7 20. Nd3 Rc8 21. Nc5+
Bxc5 22. Rxc5 Ne7 23. Qc2 Rxc5 24. Qxc5 Qc8 25. Qd6+ Ke8 26. f4 g6 27. g4 Qc4
28. Qb4 Qe2 29. h3 Qd1+ 0-1

[Event "XI Open Amateur de Calvia"]
[Site "Calvia - Mallorca"]
[Date "2014.10.09"]
[Round "6"]
[Board "23"]
[White "Cerdo Fernandez, Miguel"]
[Black "Abdulla, Al-Hamed"]
[Result "1/2-1/2"]
[WhiteElo "1911"]
[BlackElo "1657"]
[PlyCount "88"]
[EventDate "2014.10.04"]
[EventRounds "9"]
[EventCountry "ESP"]

1. e4 e5 2. Nf3 Nc6 3. Bb5 a6 4. Ba4 Nf6 5. O-O b5 6. Bb3 Be7 7. Re1 O-O 8. d4
d6 9. c3 Bg4 10. Be3 exd4 11. cxd4 d5 12. e5 Ne4 13. Nc3 Nxc3 14. bxc3 f6 15.
h3 Be6 16. Bf4 Qd7 17. Qe2 Rae8 18. Bg3 fxe5 19. Nxe5 Nxe5 20. Qxe5 Bd6 21. Qg5
h6 22. Qh4 Bxg3 23. Qxg3 Rf5 24. Re5 Rxe5 25. dxe5 c5 26. f4 b4 27. cxb4 c4 28.
Bc2 d4 29. Be4 Bf5 30. Qf3 d3 31. Bxf5 Qxf5 32. Rc1 Rxe5 33. Qa8+ Kh7 34. fxe5
d2 35. Rd1 c3 36. Qd5 Qc2 37. Qf3 Qc1 38. Qf1 Qb2 39. e6 Qxb4 40. Qf5+ Kh8 41.
Rb1 Qd4+ 42. Kh2 Qd6+ 43. g3 d1=Q 44. Rxd1 Qxd1 1/2-1/2

[Event "XI Open Amateur de Calvia"]
[Site "Calvia - Mallorca"]
[Date "2014.10.09"]
[Round "6"]
[Board "26"]
[White "Lichii, Elizaveta"]
[Black "Oliver Font, Jose Luis"]
[Result "1/2-1/2"]
[WhiteElo "1593"]
[BlackElo "1857"]
[PlyCount "49"]
[EventDate "2014.10.04"]
[EventRounds "9"]
[EventCountry "ESP"]

1. e4 e6 2. d4 d5 3. Nc3 Nf6 4. e5 Nfd7 5. f4 c5 6. Nf3 Nc6 7. Be3 a6 8. Qd2 b5
9. dxc5 Bxc5 10. Qf2 Bxe3 11. Qxe3 Qb6 12. Qxb6 Nxb6 13. Ne2 Nc4 14. b3 Ne3 15.
Ned4 Nxf1 16. Rxf1 Ne7 17. c3 Bd7 18. Kf2 O-O 19. Ke3 Rac8 20. Rac1 Rc7 21. g4
Rfc8 22. Kd2 Rc5 23. a3 g6 24. h4 Kg7 25. Rg1 1/2-1/2

[Event "XI Open Amateur de Calvia"]
[Site "Calvia - Mallorca"]
[Date "2014.10.09"]
[Round "6"]
[Board "29"]
[White "Bullock, Lee"]
[Black "Rodriguez Garcia, Jesus"]
[Result "0-1"]
[WhiteElo "1486"]
[BlackElo "1895"]
[PlyCount "74"]
[EventDate "2014.10.04"]
[EventRounds "9"]
[EventCountry "ESP"]

1. e4 c5 2. d4 cxd4 3. c3 dxc3 4. Nxc3 Nc6 5. Nf3 d6 6. Bc4 e6 7. O-O Be7 8.
Qe2 Nf6 9. Rd1 Qc7 10. Nb5 Qb8 11. Bf4 Ne5 12. Bb3 a6 13. Nc3 O-O 14. h3 Bd7
15. a4 Bc6 16. Rd2 Nfd7 17. a5 b5 18. Rad1 Qc7 19. Ng5 Nc5 20. Ba2 h6 21. Bxe5
dxe5 22. Nf3 b4 23. Nb1 b3 24. Bxb3 Nxb3 25. Rc2 Qb7 26. Nxe5 Bb5 27. Qh5 Rad8
28. Rxd8 Bxd8 29. Rc3 Nd4 30. Kh1 Qxe4 31. Na3 Qe1+ 32. Kh2 Ne2 33. Nf3 Qxf2
34. Nxb5 Nxc3 35. Nxc3 Bc7+ 36. Kh1 Qxb2 37. Ne4 Qb1+ 0-1

[Event "XI Open Amateur de Calvia"]
[Site "Calvia - Mallorca"]
[Date "2014.10.09"]
[Round "6"]
[Board "30"]
[White "Lim, Mark"]
[Black "Carranza Pons, Ricardo Nelson"]
[Result "1-0"]
[WhiteElo "1869"]
[BlackElo "1715"]
[PlyCount "57"]
[EventDate "2014.10.04"]
[EventRounds "9"]
[EventCountry "ESP"]

1. Nf3 d5 2. c4 c6 3. e3 Nf6 4. Nc3 e6 5. b3 Bb4 6. Bb2 Qe7 7. Qc2 Ba3 8. Bxa3
Qxa3 9. cxd5 exd5 10. d4 Nbd7 11. Bd3 O-O 12. g4 Re8 13. g5 Ne4 14. Bxe4 dxe4
15. Nxe4 Qb4+ 16. Nfd2 Qe7 17. Rg1 f5 18. gxf6 Nxf6 19. Ng5 Kh8 20. O-O-O h6
21. Ngf3 Be6 22. Ne5 Bf7 23. Rg3 c5 24. Nxf7+ Qxf7 25. dxc5 Rac8 26. Rdg1 Qd5
27. b4 b6 28. Rxg7 bxc5 29. Qg6 1-0

[Event "XI Open Amateur de Calvia"]
[Site "Calvia - Mallorca"]
[Date "2014.10.09"]
[Round "6"]
[Board "31"]
[White "Arias Castanedo, Jacinto"]
[Black "Mackay, Ian W"]
[Result "1/2-1/2"]
[WhiteElo "1863"]
[BlackElo "1695"]
[PlyCount "82"]
[EventDate "2014.10.04"]
[EventRounds "9"]
[EventCountry "ESP"]

1. d4 Nf6 2. Nf3 e6 3. c4 b6 4. Nc3 Bb4 5. e3 Bxc3+ 6. bxc3 O-O 7. Bd3 Ba6 8.
Qe2 d6 9. O-O c5 10. e4 Nbd7 11. h3 e5 12. Bg5 Qe8 13. d5 h6 14. Bh4 Bc8 15. g4
g5 16. Bg3 Kh7 17. Kg2 Rg8 18. Rh1 Nf8 19. Nd2 Ng6 20. f3 h5 21. Nf1 Kg7 22.
Ne3 Rh8 23. Nf5+ Bxf5 24. exf5 Nf4+ 25. Bxf4 exf4 26. Qd2 Qd7 27. Bc2 Rae8 28.
Rhe1 Rxe1 29. Rxe1 Re8 30. Rxe8 Qxe8 31. Kf1 h4 32. Kf2 Qe7 33. Ba4 Ng8 34. Bc2
f6 35. Be4 Nh6 36. Qc2 Qd7 37. Ke2 Nf7 38. Qb3 Ne5 39. Kd2 Qb7 40. Qb5 Kf7 41.
a4 a6 1/2-1/2

[Event "XI Open Amateur de Calvia"]
[Site "Calvia - Mallorca"]
[Date "2014.10.09"]
[Round "6"]
[Board "33"]
[White "Garcia Alvarez, Javier Ii"]
[Black "Al Hosani, Omran"]
[Result "1/2-1/2"]
[WhiteElo "1812"]
[BlackElo "1711"]
[PlyCount "53"]
[EventDate "2014.10.04"]
[EventRounds "9"]
[EventCountry "ESP"]

1. f4 d5 2. e3 g6 3. Nf3 Bg7 4. d4 Nh6 5. c4 c5 6. dxc5 O-O 7. Nc3 Qa5 8. Qc2
Bf5 9. Bd3 dxc4 10. Bxf5 Nxf5 11. O-O Qxc5 12. Re1 Nc6 13. Ne4 Qb5 14. a4 Nb4
15. Qe2 Qc6 16. Nf2 Rfd8 17. Rd1 Rxd1+ 18. Qxd1 Qc7 19. g4 Rd8 20. Qe2 Nd6 21.
e4 Nd3 22. Nxd3 cxd3 23. Qxd3 Nc4 24. Qc2 Qc5+ 25. Kh1 Qb4 26. e5 Rc8 27. Qc3
 1/2-1/2

[Event "XI Open Amateur de Calvia"]
[Site "Calvia - Mallorca"]
[Date "2014.10.09"]
[Round "6"]
[Board "43"]
[White "Steinschuld, Jo"]
[Black "Rossello Sanchez, Bartolome"]
[Result "0-1"]
[WhiteElo "1609"]
[BlackElo "1436"]
[PlyCount "42"]
[EventDate "2014.10.04"]
[EventRounds "9"]
[EventCountry "ESP"]

1. e4 b6 2. d4 Bb7 3. Bd3 e6 4. Nf3 d6 5. O-O Nd7 6. Nbd2 Be7 7. c3 g5 8. Nb3
h5 9. Qd2 g4 10. Ng5 Nf8 11. Qf4 f6 12. Nxe6 Nxe6 13. Qf5 Nf8 14. d5 a6 15. Nd4
Bc8 16. Qf4 Ng6 17. Qe3 Ne5 18. Nc6 Nxc6 19. dxc6 Be6 20. Rd1 Kf8 21. f4 gxf3
 0-1

[Event "XI Open Amateur de Calvia"]
[Site "Calvia - Mallorca"]
[Date "2014.10.10"]
[Round "7"]
[Board "1"]
[White "Gavrish, Leonid"]
[Black "Spence, David J"]
[Result "0-1"]
[WhiteElo "2217"]
[BlackElo "2222"]
[PlyCount "90"]
[EventDate "2014.10.04"]
[EventRounds "9"]
[EventCountry "ESP"]

1. d4 e6 2. c4 Nf6 3. Nc3 Bb4 4. e3 b6 5. Nge2 Ne4 6. Qc2 Nxc3 7. bxc3 Bd6 8.
e4 O-O 9. e5 Be7 10. Qe4 c6 11. Ng3 d5 12. Qc2 Ba6 13. Bd3 g6 14. Bh6 Re8 15.
h4 Bxc4 16. Bxc4 dxc4 17. Ne4 Nd7 18. h5 b5 19. hxg6 fxg6 20. f4 Nb6 21. Bg5
Nd5 22. Bxe7 Rxe7 23. O-O-O a5 24. Nf6+ Nxf6 25. exf6 Rf7 26. Rxh7 Rxh7 27.
Qxg6+ Kh8 28. g4 Qf8 29. g5 b4 30. Qc2 bxc3 31. Qxc3 Qb4 32. Qa1 Qa3+ 33. Qb2
Qe3+ 34. Qd2 Qe4 35. Re1 Rh1 36. Qh2+ Rxh2 37. Rxe4 Kh7 38. Rxe6 Kg6 39. Rxc6
Rf2 40. f7+ Kxf7 41. Rf6+ Kg7 42. f5 Rh8 43. Rg6+ Kf7 44. Rf6+ Ke7 45. Re6+ Kd7
 0-1

[Event "XI Open Amateur de Calvia"]
[Site "Calvia - Mallorca"]
[Date "2014.10.10"]
[Round "7"]
[Board "2"]
[White "Longa Yauca, Javier"]
[Black "Sokalsky, Alexander"]
[Result "1-0"]
[WhiteElo "2277"]
[BlackElo "2238"]
[PlyCount "170"]
[EventDate "2014.10.04"]
[EventRounds "9"]
[EventCountry "ESP"]

1. d4 Nf6 2. c4 e6 3. Nf3 d5 4. Bg5 Be7 5. Nc3 h6 6. Bh4 O-O 7. e3 b6 8. Qc2
Bb7 9. Bxf6 Bxf6 10. Rd1 Nc6 11. a3 a6 12. cxd5 exd5 13. Be2 Re8 14. O-O Rc8
15. Rd2 b5 16. b4 Nb8 17. Ne1 Nd7 18. Nd3 c6 19. Bg4 Rc7 20. Bxd7 Rxd7 21. Nc5
Rc7 22. Nxb7 Rxb7 23. Ne2 Qd6 24. Rc1 Rc8 25. Nf4 Rcc7 26. g3 Qd7 27. Nd3 Ra7
28. Nc5 Qh3 29. Nb3 Ra8 30. Qd3 Be7 31. Rdc2 Rac8 32. Na5 Qe6 33. Kg2 h5 34. h4
g6 35. Rc3 Kg7 36. f3 g5 37. hxg5 Bxg5 38. Rh1 Rh8 39. e4 Qg6 40. e5 f5 41. Kf1
Rh6 42. f4 Be7 43. Qf3 Kf8 44. Rc2 Bd8 45. Rch2 Rch7 46. Nb3 Bb6 47. Ke2 Ke7
48. Kf2 Kd8 49. Ke2 Kc7 50. Kd3 Kb8 51. Ke2 Ka7 52. Rh3 Kb8 53. Kd3 Ka7 54. Nc1
a5 55. Ne2 axb4 56. axb4 Kb8 57. Ra1 Qe6 58. Kd2 Qe7 59. Qc3 Kb7 60. Qa3 Kc7
61. Ke3 Rh8 62. Rc1 Kb7 63. Ra1 Kc7 64. Ng1 h4 65. Nf3 hxg3 66. Rxg3 Rh3 67.
Rag1 Rxg3 68. Rxg3 Kb7 69. Rg6 Qh7 70. Re6 Rc8 71. Qd3 Bd8 72. Qc2 Bb6 73. Qh2
Qd7 74. Rd6 Qg7 75. Qh3 Bc7 76. Qh6 Qe7 77. Rxc6 Qxb4 78. Qe6 Qb3+ 79. Kf2 Qb2+
80. Kg3 Kb8 81. Rc5 Qe2 82. Qxd5 Rd8 83. Rxb5+ Kc8 84. Qe6+ Rd7 85. Rd5 Bb6 1-0

[Event "XI Open Amateur de Calvia"]
[Site "Calvia - Mallorca"]
[Date "2014.10.10"]
[Round "7"]
[Board "3"]
[White "Gromovs, Sergejs"]
[Black "Hoyer, Jacob"]
[Result "1-0"]
[WhiteElo "2243"]
[BlackElo "2193"]
[PlyCount "77"]
[EventDate "2014.10.04"]
[EventRounds "9"]
[EventCountry "ESP"]

1. d4 Nf6 2. c4 g6 3. Nc3 d5 4. h4 Bg7 5. h5 Nxh5 6. cxd5 c6 7. e4 cxd5 8. e5
Bf8 9. g4 Ng7 10. Bg2 e6 11. Bh6 Nc6 12. Nf3 f5 13. exf6 Qxf6 14. Qe2 Bb4 15.
O-O-O Bxc3 16. bxc3 Bd7 17. Kb1 Nd8 18. Ne5 Ba4 19. Rd3 O-O 20. Rf3 Qe7 21.
Rfh3 Rc8 22. Bd2 Ne8 23. Nxg6 hxg6 24. Rh8+ Kf7 25. R1h7+ Ng7 26. Qe5 Ke8 27.
Rxg7 Nf7 28. Rhh7 Rc7 29. Qe2 Rc6 30. Ka1 Rb6 31. Bc1 Bb5 32. Qc2 Bc4 33. Qa4+
Rb5 34. Qxa7 Qd8 35. Qa4 Qf6 36. Qa8+ Nd8 37. Re7+ Qxe7 38. Rxe7+ Kxe7 39. Ba3+
 1-0

[Event "XI Open Amateur de Calvia"]
[Site "Calvia - Mallorca"]
[Date "2014.10.10"]
[Round "7"]
[Board "4"]
[White "Sorm, Daniel"]
[Black "Ponce Cano, Adrian"]
[Result "1-0"]
[WhiteElo "2315"]
[BlackElo "1996"]
[PlyCount "87"]
[EventDate "2014.10.04"]
[EventRounds "9"]
[EventCountry "ESP"]

1. d4 d5 2. e3 e6 3. Bd3 c5 4. c3 Nc6 5. f4 Bd6 6. Nh3 f5 7. b3 Nf6 8. O-O O-O
9. Bb2 Ng4 10. Qe2 Qh4 11. Nd2 Rf6 12. Nf3 Qh5 13. Nf2 Rh6 14. h3 cxd4 15. cxd4
Nb4 16. Rfc1 Nxd3 17. Qxd3 Nf6 18. Qd1 a6 19. a4 Bd7 20. Ba3 Bxa3 21. Rxa3 Qe8
22. Ra2 b5 23. a5 b4 24. Rc5 Bb5 25. Qc1 Nd7 26. Rc7 Rf6 27. Rac2 Rf8 28. Qd2
Qe7 29. Ne5 Qd6 30. Nxd7 Bxd7 31. Nd3 Rab8 32. Ne5 Bb5 33. Qe1 Qd8 34. Ra7 Ra8
35. Rxa8 Qxa8 36. Qxb4 Qd8 37. Qe1 Qe7 38. Rc5 Rb8 39. Qc3 Qe8 40. Rc7 h6 41.
Qc5 Rd8 42. Qa7 Ra8 43. Rxg7+ Kf8 44. Ng6+ 1-0

[Event "XI Open Amateur de Calvia"]
[Site "Calvia - Mallorca"]
[Date "2014.10.10"]
[Round "7"]
[Board "5"]
[White "Schuermans, Robert"]
[Black "Tscharotschkin, Michael"]
[Result "1-0"]
[WhiteElo "2085"]
[BlackElo "2144"]
[PlyCount "61"]
[EventDate "2014.10.04"]
[EventRounds "9"]
[EventCountry "ESP"]

1. e4 e6 2. d4 d5 3. Nc3 Bb4 4. e5 c5 5. a3 Bxc3+ 6. bxc3 Ne7 7. Qg4 Qc7 8.
Qxg7 Rg8 9. Qxh7 cxd4 10. Kd1 dxc3 11. Nf3 Nbc6 12. Ng5 Nxe5 13. Bf4 Qb6 14.
Bxe5 Rxg5 15. h4 Rg8 16. Ke1 Bd7 17. Rh3 O-O-O 18. Rxc3+ Nc6 19. Qd3 Rg4 20. f4
Rdg8 21. h5 Kd8 22. Bf6+ Ke8 23. h6 Rxf4 24. h7 Rf8 25. Bg7 Qf2+ 26. Kd1 Qg1
27. Kd2 Rf2+ 28. Be2 Qxg2 29. Bxf8 Nd4 30. Rc5 e5 31. Bh6 1-0

[Event "XI Open Amateur de Calvia"]
[Site "Calvia - Mallorca"]
[Date "2014.10.10"]
[Round "7"]
[Board "7"]
[White "Alfven, Jorgen"]
[Black "Khouri, Ibrahim Mohamed"]
[Result "0-1"]
[WhiteElo "1929"]
[BlackElo "2191"]
[PlyCount "72"]
[EventDate "2014.10.04"]
[EventRounds "9"]
[EventCountry "ESP"]

1. d4 Nf6 2. c4 e6 3. Nf3 b6 4. a3 Ba6 5. e3 c6 6. Nc3 d5 7. b3 Be7 8. Bd3 O-O
9. Bb2 Bb7 10. O-O Nbd7 11. Qe2 c5 12. Ne5 Rc8 13. cxd5 Nxd5 14. Ne4 cxd4 15.
Nxd7 Qxd7 16. Bxd4 f5 17. Ng3 Qc6 18. f4 Bf6 19. Bxf6 Rxf6 20. Rf2 Qc3 21. Rb1
Qc5 22. b4 Qxe3 23. Qxe3 Nxe3 24. Re2 Nd5 25. Rd2 Nxf4 26. Bf1 Bd5 27. a4 Rf7
28. a5 Rfc7 29. axb6 axb6 30. Ne2 Nxe2+ 31. Rxe2 Rc1 32. Re1 Rxb1 33. Rxb1 Rc2
34. Ra1 Kf7 35. Ra6 Rc1 36. Ra7+ Kf6 0-1

[Event "XI Open Amateur de Calvia"]
[Site "Calvia - Mallorca"]
[Date "2014.10.10"]
[Round "7"]
[Board "9"]
[White "Stark, Ingo"]
[Black "Navarrete Terrasa, Sebastian"]
[Result "1-0"]
[WhiteElo "2128"]
[BlackElo "2019"]
[PlyCount "77"]
[EventDate "2014.10.04"]
[EventRounds "9"]
[EventCountry "ESP"]

1. e4 c6 2. Nc3 d5 3. Nf3 Bg4 4. h3 Bxf3 5. Qxf3 Nf6 6. d3 e6 7. g4 Bb4 8. Bd2
d4 9. Nb1 Bxd2+ 10. Nxd2 e5 11. g5 Nfd7 12. h4 c5 13. Nc4 Qe7 14. a4 Nc6 15. c3
O-O-O 16. Qxf7 dxc3 17. bxc3 Kc7 18. Qxe7 Nxe7 19. h5 h6 20. g6 Rhf8 21. Be2
Rf4 22. f3 Rff8 23. O-O Rf4 24. Kg2 Rh4 25. Rh1 Rxh1 26. Rxh1 Rf8 27. Kg3 Nb6
28. Nxe5 Nxa4 29. Rc1 b5 30. f4 a5 31. d4 c4 32. Nf7 Kb6 33. Kf3 Ra8 34. d5
Nxc3 35. Rxc3 a4 36. Nd6 a3 37. Bxc4 Kc5 38. Nxb5 Kb4 39. Rxa3 1-0

[Event "XI Open Amateur de Calvia"]
[Site "Calvia - Mallorca"]
[Date "2014.10.10"]
[Round "7"]
[Board "10"]
[White "Obers, Frits"]
[Black "Berendsen, Markus"]
[Result "1-0"]
[WhiteElo "2081"]
[BlackElo "2017"]
[PlyCount "53"]
[EventDate "2014.10.04"]
[EventRounds "9"]
[EventCountry "ESP"]

1. c4 Nf6 2. Nc3 c5 3. Nf3 Nc6 4. g3 g6 5. Bg2 Bg7 6. d4 cxd4 7. Nxd4 O-O 8.
O-O Nxd4 9. Qxd4 d6 10. Qd3 Nd7 11. b3 Nc5 12. Qd2 a5 13. Bb2 Be6 14. Rac1 Qb6
15. Rb1 Qb4 16. Rfd1 Rfc8 17. Nd5 Qxd2 18. Nxe7+ Kf8 19. Bxg7+ Kxe7 20. Rxd2 f6
21. h4 Rg8 22. Bh6 g5 23. hxg5 fxg5 24. f4 g4 25. Bg5+ Kd7 26. Rbd1 Ra6 27. e4
 1-0

[Event "XI Open Amateur de Calvia"]
[Site "Calvia - Mallorca"]
[Date "2014.10.10"]
[Round "7"]
[Board "12"]
[White "Pena Torres, Jose Carlos"]
[Black "Planas Gene, Juan"]
[Result "0-1"]
[WhiteElo "2043"]
[BlackElo "2050"]
[PlyCount "50"]
[EventDate "2014.10.04"]
[EventRounds "9"]
[EventCountry "ESP"]

1. Nf3 Nf6 2. c4 g6 3. g3 Bg7 4. Bg2 O-O 5. O-O d6 6. d4 c6 7. Nc3 Nbd7 8. e4
e5 9. dxe5 dxe5 10. Qc2 Qc7 11. Rd1 Re8 12. b3 Nc5 13. Ba3 Qa5 14. Bb2 Bg4 15.
h3 Bxf3 16. Bxf3 Ne6 17. Ne2 Rad8 18. a3 h6 19. b4 Qc7 20. Bg2 Nh7 21. c5 Nd4
22. Nxd4 exd4 23. Qc4 Ng5 24. f3 Qxg3 25. Kh1 Be5 0-1

[Event "XI Open Amateur de Calvia"]
[Site "Calvia - Mallorca"]
[Date "2014.10.10"]
[Round "7"]
[Board "13"]
[White "Hoenick, Andreas"]
[Black "Zayed, Ali Al-Hamed"]
[Result "1-0"]
[WhiteElo "2141"]
[BlackElo "1984"]
[PlyCount "65"]
[EventDate "2014.10.04"]
[EventRounds "9"]
[EventCountry "ESP"]

1. d4 Nf6 2. c4 g6 3. g3 Bg7 4. Bg2 d5 5. cxd5 Nxd5 6. Nf3 O-O 7. O-O c6 8. Nc3
Nd7 9. e4 Nxc3 10. bxc3 c5 11. Be3 b6 12. e5 Bb7 13. Qb3 cxd4 14. cxd4 Nb8 15.
Ng5 Bxg2 16. Kxg2 h6 17. Nf3 Nc6 18. d5 Nxe5 19. Nxe5 Bxe5 20. Bxh6 Re8 21.
Rad1 Qd6 22. Rfe1 Red8 23. Qe3 Bf6 24. Qf3 Be5 25. h4 Rac8 26. Qe4 Bc3 27. Re3
Bf6 28. h5 gxh5 29. Qf5 Rc5 30. Qxh5 Rxd5 31. Qg4+ Kh7 32. Rh1 Rd1 33. Bf4+ 1-0

[Event "XI Open Amateur de Calvia"]
[Site "Calvia - Mallorca"]
[Date "2014.10.10"]
[Round "7"]
[Board "15"]
[White "Andreu Lopez, Santiago"]
[Black "Svensson, Mikael"]
[Result "0-1"]
[WhiteElo "1939"]
[BlackElo "2021"]
[PlyCount "66"]
[EventDate "2014.10.04"]
[EventRounds "9"]
[EventCountry "ESP"]

1. e4 e6 2. d4 d5 3. exd5 exd5 4. Bd3 Nc6 5. c3 Bd6 6. Ne2 Qh4 7. Na3 a6 8. Nc2
Nf6 9. g3 Qh5 10. Bf4 Qf3 11. Kd2 Ng4 12. Bxd6 Nxf2 13. Qe1 Nxd3 14. Qf1 Nf2
15. Bxc7 Bh3 16. Qe1 Kd7 17. Bf4 Rhe8 18. Be3 Nxh1 19. Qxh1 Qxh1 20. Rxh1 Bg2
21. Re1 Be4 22. Nf4 Rac8 23. Re2 Bxc2 24. Kxc2 g5 25. Nxd5 Nxd4+ 26. Kd3 Nxe2
27. Nb6+ Kc7 28. Nxc8 Nxc3 29. bxc3 Kxc8 30. Bxg5 Re1 31. a3 Ra1 32. Be7 Kd7
33. Bb4 Ra2 0-1

[Event "XI Open Amateur de Calvia"]
[Site "Calvia - Mallorca"]
[Date "2014.10.10"]
[Round "7"]
[Board "19"]
[White "Khouri, Ahmed Abbas"]
[Black "Molet, Asher"]
[Result "1-0"]
[WhiteElo "2008"]
[BlackElo "1783"]
[PlyCount "65"]
[EventDate "2014.10.04"]
[EventRounds "9"]
[EventCountry "ESP"]

1. e4 c5 2. Nf3 Nc6 3. d4 cxd4 4. Nxd4 Nf6 5. Nc3 e5 6. Ndb5 d6 7. Bg5 a6 8.
Na3 b5 9. Nd5 Be7 10. Bxf6 Bxf6 11. c4 b4 12. Nc2 a5 13. g3 O-O 14. h4 Ne7 15.
Nxf6+ gxf6 16. Bg2 Rb8 17. b3 f5 18. exf5 Bxf5 19. Ne3 Be6 20. Qd2 Qb6 21. Rd1
Rbd8 22. O-O f5 23. Bd5 Nxd5 24. Nxd5 Qc5 25. Qh6 Bxd5 26. Rxd5 Qc7 27. Rfd1
Qg7 28. Qxg7+ Kxg7 29. c5 f4 30. cxd6 fxg3 31. fxg3 e4 32. Re5 Rf3 33. Kg2 1-0

[Event "XI Open Amateur de Calvia"]
[Site "Calvia - Mallorca"]
[Date "2014.10.10"]
[Round "7"]
[Board "20"]
[White "Oliver Font, Jose Luis"]
[Black "Jouanneaud, Jean Daniel"]
[Result "1/2-1/2"]
[WhiteElo "1857"]
[BlackElo "1960"]
[PlyCount "99"]
[EventDate "2014.10.04"]
[EventRounds "9"]
[EventCountry "ESP"]

1. e4 d5 2. exd5 Nf6 3. Nc3 Nxd5 4. Nxd5 Qxd5 5. d4 e5 6. Be3 exd4 7. Qxd4 Qxd4
8. Bxd4 Nc6 9. Bc3 Bb4 10. Ne2 Bf5 11. O-O-O O-O 12. a3 Bxc3 13. Nxc3 a6 14.
Bd3 Bxd3 15. Rxd3 Ne5 16. Rd4 Rfd8 17. Rhd1 Rxd4 18. Rxd4 Kf8 19. f4 Ng4 20. h3
Nf6 21. g4 c5 22. Rd6 Re8 23. Kd2 Ne4+ 24. Nxe4 Rxe4 25. f5 h5 26. g5 Re5 27.
f6 gxf6 28. gxf6 Ke8 29. Rb6 Re6 30. Rxb7 Rxf6 31. Ke3 Kf8 32. Rc7 Kg7 33. Rxc5
Kg6 34. b4 Rf1 35. h4 Rh1 36. Rc4 Rh3+ 37. Kf2 Rxa3 38. c3 a5 39. Rc6+ f6 40.
bxa5 Rxa5 41. Kg3 Kf5 42. Rc4 Ke5 43. Kf3 f5 44. Rc8 Ra1 45. Rc5+ Kf6 46. Rc4
Ke5 47. Rc5+ Kf6 48. Rc8 Rh1 49. Rc4 Ke5 50. Rc5+ 1/2-1/2

[Event "XI Open Amateur de Calvia"]
[Site "Calvia - Mallorca"]
[Date "2014.10.10"]
[Round "7"]
[Board "22"]
[White "Wilson, Matthew R"]
[Black "Cerdo Fernandez, Miguel"]
[Result "0-1"]
[WhiteElo "1825"]
[BlackElo "1911"]
[PlyCount "52"]
[EventDate "2014.10.04"]
[EventRounds "9"]
[EventCountry "ESP"]

1. e4 Nf6 2. e5 Nd5 3. d4 d6 4. Nf3 g6 5. Bc4 Nb6 6. Bb3 Bg7 7. Qe2 O-O 8. h3
Nc6 9. O-O dxe5 10. dxe5 Nd4 11. Nxd4 Qxd4 12. Re1 Rd8 13. Nd2 a5 14. Nf3 Qc5
15. Be3 Qc6 16. Nd4 Qe4 17. Nf3 e6 18. Ng5 Qxe5 19. Qf3 Qf5 20. Bf4 Rd4 21.
Bxc7 Qxg5 22. Bxb6 Rf4 23. Be3 a4 24. Rad1 axb3 25. Rd8+ Bf8 26. Bc5 Qxd8 0-1

[Event "XI Open Amateur de Calvia"]
[Site "Calvia - Mallorca"]
[Date "2014.10.10"]
[Round "7"]
[Board "25"]
[White "Cemborain Oricain, Alfonso"]
[Black "Garcia Comendador, Simon"]
[Result "1-0"]
[WhiteElo "1896"]
[BlackElo "1692"]
[PlyCount "71"]
[EventDate "2014.10.04"]
[EventRounds "9"]
[EventCountry "ESP"]

1. e4 e5 2. Nf3 Nc6 3. d4 exd4 4. Nxd4 Bc5 5. Be3 Nxd4 6. Bxd4 Bxd4 7. Qxd4 Qf6
8. e5 Qb6 9. Qc3 Ne7 10. Bc4 O-O 11. O-O Qc6 12. Nd2 b5 13. Bd3 Qxc3 14. bxc3
a6 15. a4 bxa4 16. Rxa4 Bb7 17. Ne4 Bc6 18. Ra5 Rfb8 19. f4 Ra7 20. Rfa1 Bxe4
21. Bxe4 f6 22. exf6 gxf6 23. Rxa6 Rxa6 24. Rxa6 f5 25. Bd3 Rb7 26. Kf2 Kg7 27.
c4 d6 28. Ke3 Rb6 29. Rxb6 cxb6 30. Kd4 h5 31. g3 Kf7 32. Kc3 Ke6 33. Kb4 Kd7
34. h4 Kc7 35. Be2 Nc6+ 36. Kc3 1-0

[Event "XI Open Amateur de Calvia"]
[Site "Calvia - Mallorca"]
[Date "2014.10.10"]
[Round "7"]
[Board "26"]
[White "Rodriguez Garcia, Jesus"]
[Black "Lichii, Elizaveta"]
[Result "1/2-1/2"]
[WhiteElo "1895"]
[BlackElo "1593"]
[PlyCount "53"]
[EventDate "2014.10.04"]
[EventRounds "9"]
[EventCountry "ESP"]

1. d4 Nf6 2. Nf3 e6 3. Bg5 h6 4. Bh4 d5 5. e3 c5 6. c3 Nbd7 7. Nbd2 Qc7 8. Bg3
Bd6 9. Bxd6 Qxd6 10. Be2 O-O 11. O-O b6 12. Qa4 Bb7 13. Rac1 Bc6 14. Qc2 c4 15.
Ne1 b5 16. a3 a5 17. f4 Ne4 18. Nef3 Ndf6 19. Ne5 Nxd2 20. Qxd2 Ne4 21. Qc2 Be8
22. Bf3 f5 23. Qe2 b4 24. axb4 axb4 25. Bxe4 fxe4 26. Ra1 Bb5 27. Qg4 1/2-1/2

[Event "XI Open Amateur de Calvia"]
[Site "Calvia - Mallorca"]
[Date "2014.10.10"]
[Round "7"]
[Board "27"]
[White "Arias Castanedo, Jacinto"]
[Black "Chabert, Pierre"]
[Result "1-0"]
[WhiteElo "1863"]
[BlackElo "1693"]
[PlyCount "56"]
[EventDate "2014.10.04"]
[EventRounds "9"]
[EventCountry "ESP"]

1. d4 d6 2. c4 g6 3. Nc3 Bg7 4. e4 c6 5. Nf3 Nf6 6. Be2 a6 7. a4 O-O 8. O-O
Nbd7 9. h3 e5 10. d5 cxd5 11. cxd5 b6 12. b4 Bb7 13. Bd2 Rb8 14. Qb3 Nh5 15. g3
f5 16. Ng5 Qe7 17. Ne6 f4 18. Nxf8 Rxf8 19. Bxh5 gxh5 20. Kh2 Qf7 21. Ne2 f3
22. Ng1 Nf6 23. Qxf3 Qg6 24. Qd3 Nxe4 25. Be3 Bh6 26. Bxh6 Rxf2+ 27. Rxf2 Nxf2
28. Qxg6+ hxg6 1-0

[Event "XI Open Amateur de Calvia"]
[Site "Calvia - Mallorca"]
[Date "2014.10.10"]
[Round "7"]
[Board "28"]
[White "Ferrer Mygina, Juan"]
[Black "Birkestrand, Odd"]
[Result "0-1"]
[WhiteElo "1567"]
[BlackElo "1830"]
[PlyCount "56"]
[EventDate "2014.10.04"]
[EventRounds "9"]
[EventCountry "ESP"]

1. e4 e5 2. Nf3 Nc6 3. d4 exd4 4. Bc4 Nf6 5. e5 d5 6. Bb5 Ne4 7. Nxd4 Bd7 8.
Bxc6 bxc6 9. O-O Bc5 10. Be3 O-O 11. Nd2 f5 12. Nxf5 Bxf5 13. Nxe4 Bxe3 14.
fxe3 Bxe4 15. Rf4 Qg5 16. Qe1 Qxe5 17. Qf2 Rxf4 18. Qxf4 Qxf4 19. exf4 a5 20.
b3 Rf8 21. g3 Kf7 22. Kf2 Ke6 23. Ke3 Kd6 24. Rc1 Bf5 25. c4 Re8+ 26. Kd2 d4
27. Re1 Rxe1 28. Kxe1 Kc5 0-1